000 00363cam a2200145ua 4500
041 _aeng
_h
082 _a827
_bHEI/SK
100 _aHeiserman, A.R .
245 _aSkelton and satire /
_cA.R Heiserman.
_hTextual Documents
260 _aChicago :
_bUniversity of Chicago Press ,
_c1961.
300 _a326 ; .
504 _a
942 _cBK
999 _c7698
_d7698